| 000 | 01170nam a2200241 a 4500 | ||
|---|---|---|---|
| 001 | 000246700 | ||
| 003 | AM-YeHGA | ||
| 005 | 20250618071647.0 | ||
| 008 | 030714s2001 ai 000 | arm d | ||
| 020 | _a9993087025 | ||
| 040 | _aAM-YeHGA | ||
| 245 | 0 | 0 |
_aԱմենայն հայոց կաթողիկոսներ : _bՀամառոտ տեղեկատու պատկերագիրք / _cԽմբ.՝ Պ. Հովհաննիսյան; Կազմ.՝ Վ. Մարկոսյան, Ա. Իսոյան; Նկ.՝ Խ. Հակոբյան. |
| 260 |
_aԵրևան : _bՀայագիտակ, _c2001. |
||
| 300 |
_a275 էջ : _bգուն. դիմանկ. ; _c12 սմ. |
||
| 500 | _aԿազմը՝ կիսաթանկարժեք քարից, պատյանը՝ կաղնու փայտից | ||
| 650 | 1 | 4 |
_aՀայ եկեղեցու գործիչներ _94735 |
| 650 | 1 | 4 | _aՀայ կաթողիկոսներ |
| 700 | 1 |
_aՀովհաննիսյան, Պետրոս Հովհաննեսի, _d1944- _eխմբ. _4edt |
|
| 700 | 1 |
_aՄարկոսյան, Վրեժ _eկազմ. _4com |
|
| 700 | 1 |
_aԻսոյան, Ալբերտ Ներսեսի _eկազմ. _4com |
|
| 700 | 1 |
_aՀակոբյան, Խորեն Զավենի, _d1945- _eնկ. _4art _93428 |
|
| 090 | _c89350 | ||
| 999 |
_c88064 _d88064 |
||